Tous les forfaits de transports français existants - Statistiques

Statistiques générales
  • Ce quiz a été pris 4 fois
  • Le résultat moyen est 2 sur 22
Statistiques - réponses
Forfaits Navigo en France % Correct
Navigo Liberté +
100%
Forfait Navigo Annuel
25%
Forfait Navigo Jour
25%
Forfait Navigo Mois
25%
Forfait Navigo Semaine
25%
Carte scolaire bus lignes régulières
0%
Carte Scol'R
0%
Fête de la musique
0%
Forfait accompagnant handicap
0%
Forfait Améthyste
0%
Forfait Antipollution
0%
Forfait Gratuité jeunes en insertion
0%
Forfait Imagine R Etudiant
0%
Forfait Imagine R Junior
0%
Forfait Imagine R Scolaire
0%
Forfait Navigo Annuel Tarification Senior
0%
Forfait Paris Visite
0%
Forfait personne en situation de handicap
0%
Réduction 50%
0%
Réduction 50% Volontaires du Service civique
0%
Solidarité 75%
0%
Solidarité Gratuité
0%
Aucun quiz correspondant
Distribution des résultats
% des personnes avec chaque résultat
Percentile par nombre de réponses
Votre historique - résultats
Vous n’avez pas pris ce quiz